Contabilidad analítica: grupo 9, comentarios y casos prácticos

Gespeichert in:
Bibliographische Detailangaben
1. Verfasser: Bueno Campos, Eduardo
Weitere Verfasser: Cañibano Calvo, Leandro, Fernández Peña, Enrique
Format: Buch
Sprache:Spanisch
Veröffentlicht: Madrid, España Instituto de Planificación Contable 1980
Schlagworte:
Tags: Tag hinzufügen
Keine Tags, Fügen Sie den ersten Tag hinzu!

MARC

LEADER 00000nam a2200000 a 4500
001 UCQ0206
003 CL-VaPUC
005 20230316074339.0
008 980627e19800000SP |||||||||||||||||spa|d
999 |c 271345  |d 271343 
040 |c Pontificia Universidad Católica de Valparaíso 
082 0 4 |a 657.42 BUE 1980  |2 21 
100 0 |a Bueno Campos, Eduardo  |9 413276 
245 1 0 |a Contabilidad analítica: grupo 9, comentarios y casos prácticos 
260 0 3 |a Madrid, España  |b Instituto de Planificación Contable  |c 1980 
300 |a 395 páginas 
583 |a last modification  |c 19980627 00:00:00  |k Rodrigo Vera 
650 0 |a Contabilidad de costos   |9 260564 
650 0 |a Costos   |9 261063 
650 0 |a Administración financiera  |9 261146 
650 0 |a Toma de decisiones   |9 257530 
650 7 |a PLANIFICACION Y CONTROL  |2 CL-VaPUC  |9 413279 
650 7 |a PRESUPUESTO  |2 CL-VaPUC  |9 306206 
650 0 |a Producción   |9 263680 
700 0 |a Cañibano Calvo, Leandro  |9 413277 
700 0 |a Fernández Peña, Enrique  |9 413278 
942 |c BK  |2 ddc 
945 |d 19980627 00:00:00  |a cmena 
952 |0 0  |1 0  |2 ddc  |4 0  |6 657_420000000000000_BUE_1980  |7 0  |8 A  |9 305982  |a BIBGIM  |b BIBGIM  |d 2019-11-20  |i 1426060  |o 657.42 BUE 1980  |p 1426060  |r 2025-01-15  |t 1  |w 2019-11-20  |y BK  |k COM